YouTubers by Picture - Statistics

General Stats
  • This quiz has been taken 808 times
  • The average score is 14 of 28
Answer Stats
Picture Answer % Correct
MrBeast
95%
IShowSpeed
93%
PewDiePie
86%
Dream
85%
KSI
85%
Ninja
82%
Logan Paul
81%
Kai Cenat
78%
Caseoh
72%
Markiplier
65%
Mark Rober
64%
DanTDM
57%
jacksepticeye
52%
vsauce
44%
jschlatt
43%
MatPat
43%
Ludwig
41%
Jaiden Animations
39%
CoryxKenshin
33%
Good Mythical Morning
33%
Shane Dawson
33%
Fred
31%
Filthy Frank
29%
Joe Bartolozzi
22%
jacksfilms
18%
iDubbbz
17%
Hank Green
15%
Angry Video Game Nerd
9%
No matching quizzes found
Score Distribution
Percent of People with Each Score
Percentile by Number Answered
Your Score History
You have not taken this quiz